000
00325 a2200145 4500
001
58363
020
_a
8500106611
040
_c
Anchieta - Pituba
100
_a
Azevedo, Aluísio
240
1
0
_a
Uma lágrima de mulher
_l
por
245
1
0
_a
Uma lágrima de mulher
300
_a
87
650
4
_a
Ficção brasileira
942
_c
BK
999
_c
58363
_d
58363